| 000 | 00471nam a2200193Ia 4500 | ||
|---|---|---|---|
| 005 | 20250425161246.0 | ||
| 008 | 250425s9999 xx 000 0 und d | ||
| 041 | _aspa | ||
| 082 | _a540 | ||
| 110 | _aCHEMICAL BOND APPROACH PROJECT | ||
| 245 | 0 | _aINVESTIGACION DE SISTEMAS QUIMICOS: GUIA DE LABORATORIO | |
| 250 | _a1A ED. | ||
| 260 | _aBARCELONA | ||
| 260 |
_aEspaƱa _bREVERTE _c1967 |
||
| 300 | _a150 | ||
| 650 | _aQUIMICA | ||
| 942 | _c01 | ||
| 010 | _a16329 | ||
| 999 |
_c205629 _d205629 |
||